01208nam a22001457a 4500003000200000005001700002020001800019082001300037100002100050245002200071260003800093300001100131520089100142650002901033020260429182950.0 a9788199502116 aH SHA P  aShakir, Parveen  aIntizar ka mausam aNoida bRekhta Publicationsc2025 a140p.  aIntizaar Ka Mausam: Parveen Shakir is a collection of her selected works, which includes not only ghazals but also selected Nazms. These clearly portray delicate inner emotions, feminine sentiments, pain, romance, and, at places, an expression of indifference toward love and its attainments. For admirers of Parveen Shakir, this book is a priceless gift. Parveen Shakir was born on 24 November 1952 in Karachi. Her ancestral home is Laheriasarai in Bihar. She is counted among the distinguished poets of Urdu. Her first book “Khushbu” brought her immense fame. Her poetry beautifully reflects feminine emotions, love, romance, pain, and subtle feelings. Along with ghazal, Parveen Shakir also wrote free verse. She received several awards, including the Adamjee Award. Sadly, she passed away in a road accident in 1994, but her poetic legacy remains alive in the hearts of readers. aUpanyas aHindi Fiction